000 00502cam a2200181 4500
001 D8188
008 090401t1980 xxu||||| |||| 00| 0 eng d
035 _a(Sirsi) u11618
041 _aeng
050 _a331.2816925
110 _aReward Regional Surveys Ltd
_92016
245 _aSalary survey of members of the Institute of Quantity Surveyors. Autumn 1980
260 _aStone, Staffs
_bReward Regional Surveys Ltd
_c1980
300 _a47p. 30cm
350 _a0
942 _n0
948 _c04/03/1997
999 _c86882
_d86882